| 000 | 00578cam a2200193 a 4500 | ||
|---|---|---|---|
| 020 | _a0585069239 (electronic bk.) | ||
| 020 | _a1573561649 (case : alk. paper) | ||
| 020 | _a1573561657 (pbk. : alk. paper) | ||
| 040 | _cDLC | ||
| 082 | 0 | 0 | _a808 ORX 1998 A093 Or. |
| 100 | 1 | _aDay, Robert A., | |
| 245 | 1 | 0 | _aHow to write & publish a scientific paper / |
| 246 | 3 | _aHow to write and publish a scientific paper | |
| 250 | _a5th ed. | ||
| 260 |
_aPhoenix, Az. : _bOryx Press, _c1998. |
||
| 300 |
_axvi, 275 p. : _bill. ; _c23 cm. |
||
| 650 | 0 | _aTechnical writing. | |
| 942 | _cEK | ||
| 999 |
_c13342 _d13342 |
||